| 000 | 01089nam0a2200277 4500 | ||
|---|---|---|---|
| 001 | RU\NLR\bibl\401306 | ||
| 005 | 20250622164109.0 | ||
| 010 |
_a5-699-01745-3 _910000 |
||
| 021 |
_aRU _b2003-14188 _9662 |
||
| 035 | _a(NLR Aleph) 000395474 | ||
| 090 |
_a542210 _c542210 |
||
| 100 | _a20030522d2003 |||y0rusy50 ca | ||
| 101 | 1 |
_arus _ceng |
|
| 102 | _aRU | ||
| 105 | _aa ||||||||| | ||
| 200 | 1 |
_aСпортивная йога _eЦелевая фитнес-прогр. на достижение физич. и эмоционального баланса, развитие гибкости, силы и выносливости _e[50 простых упр. на каждый день] _fБет Шоу _g[Пер. с англ. Д. Скворцова] |
|
| 210 |
_aМ. _cЭКСМО _d2003 |
||
| 215 |
_a206, [1] с. _cил. _d24 |
||
| 606 | 0 |
_aГимнастика йогов _91348832 _3RU\NLR\auth\66248320 |
|
| 686 | _aЧ516.914.2 | ||
| 700 | 1 |
_aШоу _bБ. _gБет _4070 |
|
| 801 | 0 |
_aRU _bNLR _c20030522 _gPSBO |
|
| 801 | 1 |
_aRU _bNLR _c20030522 |
|
| 942 | _cBOOK | ||
| 980 | _aNB | ||